000 00500nam a2200169 i 4500
001 72359
003 ES-MaACL
005 20230906171421.0
007 t|
008 040831s1969 sp ||||1| spa d
100 1 _aGiovene, Andrea.
_957176
245 1 3 _aUn caballero napolitano /
_cpor Andrea Giovene ; [traducción de Domingo Pruna].
260 _aBarcelona :
_bPlaza & Janés,
_c[1969]
300 _a477 p. ;
_c19 cm.
700 1 _aPruna, Domingo.
_994081
852 _aES-MaACL
_jC-39683
_bR.71178
999 _c72359
_d72359